| 000 | 00338nam a22001217a 4500 | ||
|---|---|---|---|
| 082 | _a220 PRO | ||
| 100 |
_aAYMEN,FAIZA,SADAF _971429 |
||
| 245 | _aPR-SOF-1319-NETWORK ENABLED CARDIAC MONITOR | ||
| 260 |
_aISLAMABAD _bNUST COLLEGE OF EME _c2013 |
||
| 650 | _a DE-COMP-31 | ||
| 700 |
_aDR SHOAB A KHAN,WASI HAIDER BUTT _971430 |
||
| 942 | _cCR | ||
| 999 |
_c577956 _d577956 |
||